[Event "Premia de Mar 4th"]
[Site "Premia de Mar"]
[Date "2017.11.24"]
[Round "8.1"]
[White "Garcia Martinez, Hector"]
[Black "Gracia Vila, Frederic"]
[Result "1-0"]
[WhiteElo "1700"]
[BlackElo "1489"]
[PlyCount "59"]
[EventDate "2017.10.06"]
[EventType "tourn"]
[EventRounds "9"]
[EventCountry "ESP"]
[SourceTitle "EXT 2024"]
[Source "ChessBase"]
[SourceDate "2023.10.10"]
[SourceVersion "1"]
[SourceVersionDate "2023.10.10"]
[SourceQuality "1"]

1. e4 c5 2. Bc4 g6 3. Nf3 Bg7 4. c3 Nc6 5. d3 d6 6. 0-0 Nf6 7. Bg5 0-0 8. Nbd2 a6 9. a3 b5 10. Ba2 Bb7 11. Re1 Nd7 12. Nf1 Qc7 13. Ne3 e6 14. Rc1 Qb6 15. Rc2 h6 16. Bh4 Kh7 17. Bg3 Ne7 18. Rd2 a5 19. Bb1 d5 20. exd5 Nxd5 21. d4 c4 22. Ng4 Rad8 23. Nge5 Nxe5 24. Bxe5 Nf6 25. Re3 Ng4 26. Ng5+ hxg5 27. Qxg4 f6 28. Qh5+ Kg8 29. Bxg6 Bh6 30. Qxh6 1-0

[Event "Premia de Mar 4th"]
[Site "Premia de Mar"]
[Date "2017.10.06"]
[Round "1.1"]
[White "Balague Orduna, Enric"]
[Black "Garcia Martinez, Hector"]
[Result "1-0"]
[WhiteElo "2000"]
[BlackElo "1700"]
[PlyCount "39"]
[EventDate "2017.10.06"]
[EventType "tourn"]
[EventRounds "9"]
[EventCountry "ESP"]
[SourceTitle "EXT 2024"]
[Source "ChessBase"]
[SourceDate "2023.10.10"]
[SourceVersion "1"]
[SourceVersionDate "2023.10.10"]
[SourceQuality "1"]

1. e4 Nf6 2. Nc3 g6 3. e5 Nh5 4. d4 d6 5. Be2 Ng7 6. Bf4 Ne6 7. Be3 Bg7 8. f4 0-0 9. Nf3 b6 10. 0-0 Bb7 11. f5 gxf5 12. Bd3 dxe5 13. dxe5 Nc6 14. Bxf5 Nxe5 15. Nxe5 Bxe5 16. Qh5 Ng5 17. Bxg5 Bd4+ 18. Kh1 Re8 19. Qxh7+ Kf8 20. Bh6+ 1-0